| 000 | 00946nam a22002415i 4500 | ||
|---|---|---|---|
| 001 | 159457 | ||
| 003 | ES-MaACL | ||
| 005 | 20250726063041.0 | ||
| 008 | 040913s1891 it |||| | ita d | ||
| 040 |
_aCAM _bspa _cCAM |
||
| 080 | _a551.21(450) | ||
| 100 | 1 |
_aMercalli, Giuseppe, _d1850-1914 _eaut _9129847 |
|
| 245 | 1 | 0 |
_aSopra alcune lave antiche e moderne dello Stromboli : _bgeologia / _cnota del prof. G. Mercalli. |
| 260 |
_aMilano : _b[s.n.], _c1891 _f(Tip. Bernardoni di C. Rebeschini e C.) |
||
| 300 |
_a11, [1] páginas ; _c23 cm. |
||
| 594 | _aTít. y autor tomados de principio de texto | ||
| 650 | 4 |
_aVulcanismo- _zItalia _9173715 |
|
| 651 | 4 |
_aStromboli- _xHistoria. _9137369 |
|
| 852 |
_aES-MaACL _cDEPOF _hLegado Federico de Botella y de Hornos _jT-899-F-8 _xEnc. en un vol. facticio _xHolandesa, falto de cub. original |
||
| 942 |
_2udc _cFOLLETOS _n0 |
||
| 999 |
_c159457 _d159457 |
||